<?xml version="1.0" encoding="UTF-8"?>
<record
    xmlns:xsi="http://www.w3.org/2001/XMLSchema-instance"
    xsi:schemaLocation="http://www.loc.gov/MARC21/slim http://www.loc.gov/standards/marcxml/schema/MARC21slim.xsd"
    xmlns="http://www.loc.gov/MARC21/slim">

  <leader>00530nam a22001457a 4500</leader>
  <controlfield tag="008">100519t        xxu||||| |||| 00| 0 eng d</controlfield>
  <datafield tag="020" ind1=" " ind2=" ">
    <subfield code="a">978-92-5-205730-7</subfield>
  </datafield>
  <datafield tag="041" ind1=" " ind2=" ">
    <subfield code="a">Fr</subfield>
  </datafield>
  <datafield tag="110" ind1=" " ind2=" ">
    <subfield code="a">FAO</subfield>
    <subfield code="9">5353</subfield>
  </datafield>
  <datafield tag="245" ind1=" " ind2=" ">
    <subfield code="a">Renforcement des syst&#xE8;mes nationaux de contr&#xF4;le alimentaire : guide d'&#xE9;valuation rapide des besoins en renforcement des capacit&#xE9;s</subfield>
  </datafield>
  <datafield tag="260" ind1=" " ind2=" ">
    <subfield code="a">Rome</subfield>
    <subfield code="b">FAO</subfield>
    <subfield code="c">2007</subfield>
  </datafield>
  <datafield tag="300" ind1=" " ind2=" ">
    <subfield code="a">x - 47 p.</subfield>
  </datafield>
  <datafield tag="653" ind1=" " ind2=" ">
    <subfield code="a">Contr&#xF4;le de qualit&#xE9;</subfield>
    <subfield code="a">Contr&#xF4;le alimentaire</subfield>
    <subfield code="a">Renforcement des capacit&#xE9;s</subfield>
    <subfield code="a">Syst&#xE8;mes nationaux</subfield>
  </datafield>
  <datafield tag="942" ind1=" " ind2=" ">
    <subfield code="c">LIVR</subfield>
  </datafield>
  <datafield tag="999" ind1=" " ind2=" ">
    <subfield code="c">47149</subfield>
    <subfield code="d">47149</subfield>
  </datafield>
  <datafield tag="952" ind1=" " ind2=" ">
    <subfield code="0">0</subfield>
    <subfield code="1">0</subfield>
    <subfield code="4">0</subfield>
    <subfield code="7">0</subfield>
    <subfield code="a">BIDOC</subfield>
    <subfield code="b">BIDOC</subfield>
    <subfield code="d">2010-05-19</subfield>
    <subfield code="l">0</subfield>
    <subfield code="o">NSA.2007.007</subfield>
    <subfield code="r">2010-05-19 00:00:00</subfield>
    <subfield code="t">1</subfield>
    <subfield code="w">2010-05-19</subfield>
    <subfield code="y">LIVR</subfield>
  </datafield>
</record>
